[Event "Milan Crespi op-A 34th"]
[Site "Milan"]
[Date "2013.12.06"]
[Round "3"]
[White "Brambilla, Luca Massimo"]
[Black "Blasco, Domenico"]
[Result "1/2-1/2"]
[WhiteElo "1704"]
[BlackElo "1886"]
[PlyCount "105"]
[EventDate "2013.12.04"]
[EventType "swiss"]
[EventRounds "7"]
[EventCountry "ITA"]
[SourceTitle "EXT 2024"]
[Source "ChessBase"]
[SourceDate "2023.10.10"]
[SourceVersion "1"]
[SourceVersionDate "2023.10.10"]
[SourceQuality "1"]

1. d4 Nf6 2. c4 e5 3. dxe5 Ne4 4. a3 b6 5. Nf3 Bb7 6. Nbd2 Nc5 7. g3 d6 8. exd6 Bxd6 9. Bg2 0-0 10. 0-0 Nbd7 11. b4 Ne6 12. Qc2 a5 13. Rb1 axb4 14. axb4 Qe7 15. b5 Ndc5 16. Bb2 Rfe8 17. Nh4 Bxg2 18. Nxg2 Nf8 19. e4 Nxe4 20. Rbe1 f5 21. f3 Bc5+ 22. Kh1 Bf2 23. fxe4 Bxe1 24. Rxe1 fxe4 25. Qc3 Qf7 26. Nf4 Ne6 27. Rf1 Nxf4 28. Rxf4 Qd7 29. Nxe4 Rad8 30. Nf6+ gxf6 31. Qxf6 Re1+ 32. Kg2 Re2+ 33. Kf3 Qd3+ 34. Kg4 Qg6+ 35. Qxg6+ hxg6 36. Bf6 Rd7 37. h4 Re3 38. Bd4 Rd3 39. Be5 Re7 40. Re4 Kh7 41. Kf4 Rf7+ 42. Kg4 Rdd7 43. Bf4 Rfe7 44. Kf3 Rxe4 45. Kxe4 Kg7 46. Ke5 Kf7 47. Bg5 Rd1 48. Bf4 Rd3 49. Ke4 Rd7 50. Ke5 Ke7 51. Bg5+ Kf7 52. Bf4 Rd3 53. Ke4 1/2-1/2

[Event "Milan Crespi op-C 33rd"]
[Site "Milan"]
[Date "2012.12.06"]
[Round "3"]
[White "Brambilla, Luca Massimo"]
[Black "Casamassima, Paolo"]
[Result "0-1"]
[WhiteElo "1692"]
[BlackElo "1657"]
[PlyCount "80"]
[EventDate "2012.12.05"]
[EventType "swiss"]
[EventRounds "7"]
[EventCountry "ITA"]
[SourceTitle "EXT 2024"]
[Source "ChessBase"]
[SourceDate "2023.10.10"]
[SourceVersion "1"]
[SourceVersionDate "2023.10.10"]
[SourceQuality "1"]

1. d4 d5 2. c4 e6 3. Nc3 Nf6 4. Nf3 c6 5. e3 Bd6 6. Bd3 0-0 7. 0-0 Re8 8. Qc2 Nbd7 9. Rd1 e5 10. dxe5 Nxe5 11. Nxe5 Rxe5 12. b3 Rh5 13. h3 Be6 14. cxd5 cxd5 15. Bb2 Rc8 16. Qe2 Be5 17. Rac1 g6 18. f4 Bb8 19. Nb5 Rxc1 20. Rxc1 a6 21. Nd4 Bd7 22. Qf3 Qe7 23. f5 g5 24. Ne6 Rh6 25. Nxg5 Bc6 26. Bd4 Be5 27. Kf1 Bxd4 28. exd4 Ne4 29. Nxe4 dxe4 30. Qg3+ Kf8 31. Bc4 Rf6 32. Qf4 Qd7 33. g4 b5 34. d5 bxc4 35. dxc6 Qd3+ 36. Kf2 Rxc6 37. f6 Qd4+ 38. Ke2 Rxf6 39. Qb8+ Kg7 40. Qg3 Qb2+ 0-1

[Event "Vimercate op 5th"]
[Site "Vimercate"]
[Date "2011.11.27"]
[Round "4"]
[White "Brambilla, Luca Massimo"]
[Black "Mondal, Prince"]
[Result "1-0"]
[WhiteElo "1621"]
[BlackElo "1786"]
[PlyCount "118"]
[EventDate "2011.11.25"]
[EventType "swiss"]
[EventRounds "5"]
[EventCountry "ITA"]
[SourceTitle "EXT 2014"]
[Source "ChessBase"]
[SourceDate "2013.11.20"]
[SourceVersion "1"]
[SourceVersionDate "2013.11.20"]
[SourceQuality "1"]

1. d4 Nf6 2. Nf3 e6 3. c4 c5 4. d5 exd5 5. cxd5 d6 6. Nc3 g6 7. e4 Bg7 8. Qc2 0-0 9. Be2 a6 10. a4 Re8 11. 0-0 h6 12. Bf4 Nh5 13. Be3 f5 14. exf5 Bxf5 15. Bd3 Bxd3 16. Qxd3 Qf6 17. a5 Nd7 18. Rab1 Kh7 19. Bd2 Nf4 20. Bxf4 Qxf4 21. Rfe1 Ne5 22. Nxe5 Bxe5 23. g3 Qf6 24. f4 Bd4+ 25. Kg2 Qf7 26. Qf3 Qc7 27. Re6 Rxe6 28. dxe6 Re8 29. f5 Kg7 30. Nd5 Qd8 31. Rf1 Bf6 32. Nxf6 Qxf6 33. Qxb7+ Re7 34. Qf3 Qxb2+ 35. Kh3 Qf6 36. g4 c4 37. Qc6 Rxe6 38. Qxc4 Re3+ 39. Kg2 Qb2+ 40. Rf2 Qb7+ 41. Kg1 Re1+ 42. Rf1 Rxf1+ 43. Qxf1 Qa7+ 44. Kg2 gxf5 45. Qxf5 Qb7+ 46. Qf3 Qb2+ 47. Kh3 Qb5 48. Qc3+ Kg6 49. Qc2+ Kf6 50. Qf2+ Ke6 51. Qe3+ Kd7 52. Qxh6 Qxa5 53. Qh7+ Kc6 54. Qc2+ Kb6 55. Qb3+ Qb5 56. Qxb5+ axb5 57. g5 b4 58. g6 b3 59. g7 b2 1-0

[Event "Vimercate op 5th"]
[Site "Vimercate"]
[Date "2011.11.27"]
[Round "5"]
[White "Ruggeri, Igor"]
[Black "Brambilla, Luca Massimo"]
[Result "0-1"]
[WhiteElo "1534"]
[BlackElo "1621"]
[PlyCount "74"]
[EventDate "2011.11.25"]
[EventType "swiss"]
[EventRounds "5"]
[EventCountry "ITA"]
[SourceTitle "EXT 2014"]
[Source "ChessBase"]
[SourceDate "2013.11.20"]
[SourceVersion "1"]
[SourceVersionDate "2013.11.20"]
[SourceQuality "1"]

1. d4 d5 2. c4 c6 3. Nf3 Nf6 4. Nc3 e6 5. e3 Nbd7 6. cxd5 exd5 7. Bd3 Bd6 8. 0-0 0-0 9. Qc2 h6 10. Re1 Re8 11. Bd2 c5 12. Nb5 Bf8 13. Bf5 c4 14. b3 a6 15. Nc3 Nb6 16. e4 Bxf5 17. exf5 Qc7 18. Ne5 Bd6 19. Ne2 Bxe5 20. dxe5 Qxe5 21. Bc3 Qd6 22. bxc4 Nxc4 23. Rad1 Rad8 24. Ng3 Rxe1+ 25. Bxe1 b5 26. Qb3 Qe5 27. Bc3 d4 28. Re1 Qc7 29. Ba1 Qa5 30. Rd1 Re8 31. Bxd4 Re1+ 32. Rxe1 Qxe1+ 33. Nf1 Nd2 34. Qd3 Nfe4 35. Be3 Nc3 36. h3 Ne2+ 37. Kh2 Nxf1+ 0-1

[Event "Vimercate op 5th"]
[Site "Vimercate"]
[Date "2011.11.26"]
[Round "3"]
[White "Ceka, Shpetim"]
[Black "Brambilla, Luca Massimo"]
[Result "1-0"]
[WhiteElo "1857"]
[BlackElo "1621"]
[PlyCount "89"]
[EventDate "2011.11.25"]
[EventType "swiss"]
[EventRounds "5"]
[EventCountry "ITA"]
[SourceTitle "EXT 2014"]
[Source "ChessBase"]
[SourceDate "2013.11.20"]
[SourceVersion "1"]
[SourceVersionDate "2013.11.20"]
[SourceQuality "1"]

1. e4 e5 2. Nf3 Nc6 3. Bc4 Bc5 4. c3 Nf6 5. d4 exd4 6. e5 Qe7 7. cxd4 Bb4+ 8. Nc3 d6 9. 0-0 dxe5 10. dxe5 Bxc3 11. bxc3 Ne4 12. Qb3 0-0 13. Ba3 Nc5 14. Qb5 Nxe5 15. Nxe5 Qxe5 16. Qxc5 Qxc5 17. Bxc5 Re8 18. Rfe1 Bf5 19. Re7 Rxe7 20. Bxe7 Re8 21. Ba3 a6 22. h3 c6 23. Rd1 b5 24. Bf1 h6 25. Bc5 Re5 26. Be3 Be6 27. Rd8+ Kh7 28. Bd3+ Bf5 29. Bxf5+ Rxf5 30. Rd6 Rf6 31. Rxf6 gxf6 32. Kf1 Kg6 33. Ke2 h5 34. Kd3 Kf5 35. Kd4 Ke6 36. Kc5 Kd7 37. Kb6 Kd6 38. Kxa6 Kd5 39. Bd4 f5 40. Kb6 b4 41. Bf6 c5 42. cxb4 cxb4 43. Kb5 Ke4 44. Kxb4 Kd3 45. a4 1-0